| 000 | 00534nam a22002057a 4500 | ||
|---|---|---|---|
| 005 | 20251108170646.0 | ||
| 008 | 250721s1996 xx 000 0 eng d | ||
| 082 | 1 | 4 | _a823.09/Cri |
| 100 | 1 |
_aJudith, O'Neill _eedited by |
|
| 245 | 1 | 0 | _aCritics on Jane Austen / |
| 264 | 1 |
_aNew Delhi : _bUniversal book stall, _c1996. |
|
| 300 | _a104p | ||
| 490 | 0 | _areadings in literfary criticism | |
| 650 | 1 | 7 | _aEnglish drama |
| 650 | 1 | 7 | _aHistory |
| 650 | 1 | 7 | _aCriticism |
| 650 | 1 | 7 | _aEnglish Fiction |
| 942 |
_2ddc _cBK |
||
| 999 |
_c45939 _d45939 |
||